| 000 | 00496nam a2200169Ia 4500 | ||
|---|---|---|---|
| 005 | 20250508160024.0 | ||
| 008 | 008 250505s9999 xx 000 0 eng d | ||
| 037 | _aBooks to be hide in OPAC | ||
| 040 |
_aFEDL _beng _cFEDL |
||
| 041 |
_aeng _2eng |
||
| 084 |
_a370.942 062, BRI _qFEDL |
||
| 245 | 0 | _aOne hundred and fifth report of the British and foreign school society | |
| 260 | _c1910 | ||
| 300 | _a205p. | ||
| 942 |
_cHB _h370.942 062, BRI |
||
| 999 |
_c1361126 _d1361126 |
||